[Event "Schleswig Holstein-ch Seniors"]
[Site "Hanerau"]
[Date "2015.04.02"]
[Round "8"]
[White "Wald, Rainer"]
[Black "Fuhrmann, Stefan"]
[Result "1-0"]
[WhiteElo "1756"]
[BlackElo "1536"]
[PlyCount "85"]
[EventDate "2015.03.28"]
[EventType "swiss"]
[EventRounds "9"]
[EventCountry "GER"]
[SourceTitle "EXT 2018"]
[Source "ChessBase"]
[SourceDate "2017.10.13"]
[SourceVersion "1"]
[SourceVersionDate "2017.10.13"]
[SourceQuality "1"]

1. d4 Nf6 2. c4 e6 3. Nc3 c6 4. e4 d5 5. e5 Nfd7 6. cxd5 cxd5 7. Nh3 Nc6 8. Be3 Qb6 9. Bb5 Ndb8 10. 0-0 Bd7 11. Nf4 Ne7 12. Bd3 Nbc6 13. Na4 Qd8 14. Nc5 Qc8 15. Rc1 Ng6 16. b4 Nxf4 17. Bxf4 Bxc5 18. Rxc5 Qd8 19. Qg4 Kf8 20. Bd2 a6 21. Bg5 Qe8 22. a3 Rc8 23. Rfc1 Ra8 24. Qh4 h6 25. Be3 Qe7 26. Qh3 Be8 27. f4 f6 28. Rf1 f5 29. g4 g6 30. Kh1 Qf7 31. Rfc1 Kg7 32. Be2 Rh7 33. a4 Rd8 34. b5 axb5 35. axb5 Na7 36. gxf5 gxf5 37. Rc7 Rd7 38. Rxd7 Qxd7 39. Qh4 Bf7 40. Qf6+ Kf8 41. Bd2 Nc8 42. Bb4+ Ne7 43. b6 1-0

[Event "Schleswig Holstein-ch Seniors"]
[Site "Hanerau"]
[Date "2015.04.01"]
[Round "7"]
[White "Rickers, Bernhard"]
[Black "Wald, Rainer"]
[Result "0-1"]
[WhiteElo "1556"]
[BlackElo "1756"]
[PlyCount "70"]
[EventDate "2015.03.28"]
[EventType "swiss"]
[EventRounds "9"]
[EventCountry "GER"]
[SourceTitle "EXT 2018"]
[Source "ChessBase"]
[SourceDate "2017.10.13"]
[SourceVersion "1"]
[SourceVersionDate "2017.10.13"]
[SourceQuality "1"]

1. d4 Nf6 2. Nf3 c5 3. e3 e6 4. c3 b6 5. Bd3 Ba6 6. 0-0 Bxd3 7. Qxd3 Nc6 8. Nbd2 Be7 9. Nc4 0-0 10. Nce5 Qc7 11. b3 d6 12. Nxc6 Qxc6 13. Bb2 Ne4 14. c4 f5 15. d5 exd5 16. cxd5 Qe8 17. Rad1 Qg6 18. Qc4 a6 19. Qc2 b5 20. a4 b4 21. Qc4 f4 22. Ne5 dxe5 23. d6+ Kh8 24. dxe7 f3 25. exf8Q+ Rxf8 26. g3 Qf5 27. Rfe1 Nxf2 28. Qf1 Nh3+ 29. Kh1 f2 30. Qg2 fxe1Q+ 31. Rxe1 e4 32. Ba1 Qg4 33. Rf1 Rxf1+ 34. Qxf1 Qf3+ 35. Qg2 Qd1+ 0-1

[Event "Schleswig Holstein-ch Seniors"]
[Site "Hanerau"]
[Date "2015.03.28"]
[Round "1"]
[White "Suemnich, Manfred"]
[Black "Wald, Rainer"]
[Result "0-1"]
[WhiteElo "1478"]
[BlackElo "1756"]
[PlyCount "54"]
[EventDate "2015.03.28"]
[EventType "swiss"]
[EventRounds "9"]
[EventCountry "GER"]
[SourceTitle "EXT 2018"]
[Source "ChessBase"]
[SourceDate "2017.10.13"]
[SourceVersion "1"]
[SourceVersionDate "2017.10.13"]
[SourceQuality "1"]

1. e4 Nf6 2. Nc3 d5 3. exd5 Nxd5 4. g3 Nxc3 5. bxc3 Qd5 6. Qf3 Be6 7. Bg2 Qe5+ 8. Ne2 c6 9. 0-0 Bd5 10. Qe3 Nd7 11. d4 Qxe3 12. Bxe3 Bc4 13. Rfe1 e6 14. a4 Bd6 15. Nc1 0-0 16. Nd3 Nb6 17. Nb2 Ba6 18. Bd2 Nc4 19. Nxc4 Bxc4 20. Bf1 b5 21. axb5 cxb5 22. Bxc4 bxc4 23. Ra6 Rfd8 24. Rb1 Rd7 25. Rc6 a5 26. Ra1 a4 27. Rxa4 Rxa4 0-1